[Event "Open International Jeunes de Saint-Lô"]
[Site "?"]
[Date "2013.07.11"]
[Round "6.8"]
[White "Glotin, Adrien"]
[Black "Nolot, Clémentine"]
[Result "1-0"]
[WhiteElo "1571"]
[BlackElo "1853"]
[PlyCount "117"]
[SourceDate "2013.07.07"]

1. d4 Nf6 2. c4 e6 3. Nc3 Bb4 4. e3 O-O 5. Nge2 b6 6. a3 Be7 7. Ng3 Bb7 8. d5
exd5 9. cxd5 Re8 10. e4 Bd6 11. f3 c6 12. Nf5 Qc7 13. Bg5 Nxd5 14. Nxd5 cxd5
15. Rc1 Bc6 16. b4 a6 17. Bc4 Bxb4+ 18. axb4 dxc4 19. O-O b5 20. Kh1 Re6 21.
Bh4 a5 22. bxa5 Rxa5 23. Bg3 Qa7 24. Bf2 Qa8 25. Qd4 f6 26. Qb6 Ra2 27. Qd8+
Kf7 28. Qh8 Re8 29. Nd6+ Ke7 30. Qxe8+ Kxd6 31. Bg3+ Kc5 32. Qf8+ Kb6 33. Qxb8+
Qxb8 34. Bxb8 Kc5 35. Bf4 b4 36. Ra1 Rxa1 37. Rxa1 c3 38. Kg1 b3 39. Bc1 Kc4
40. Rb1 Ba4 41. Kf2 Kd3 42. Ba3 c2 43. Rc1 Kc3 44. Re1 Bb5 45. Ke3 b2 46. Bxb2+
Kxb2 47. Kd2 Be2 48. Rc1 Bd1 49. f4 d6 50. g4 g6 51. h4 h6 52. g5 hxg5 53. hxg5
fxg5 54. f5 gxf5 55. exf5 Bh5 56. Rxc2+ Kb3 57. Rc3+ Kb4 58. f6 d5 59. Rc7 1-0

[Event "Open International Jeunes de Saint-Lô"]
[Site "?"]
[Date "2013.07.11"]
[Round "6.9"]
[White "Travadon, Loïc"]
[Black "Jourdren, Kévin"]
[Result "0-1"]
[WhiteElo "1642"]
[BlackElo "1816"]
[PlyCount "78"]
[SourceDate "2013.07.07"]

1. d4 e6 2. e4 d5 3. Nc3 Bb4 4. e5 c5 5. Bd2 cxd4 6. Nb5 Bc5 7. Qg4 Kf8 8. Nxd4
Qb6 9. Bc3 Nc6 10. Ngf3 Nge7 11. O-O-O Nxd4 12. Nxd4 Nc6 13. Nxc6 bxc6 14. Bd4
Bxd4 15. Qxd4 c5 16. Qc3 Rb8 17. f4 g6 18. g4 Qb4 19. Rd2 h5 20. gxh5 Rxh5 21.
h4 Rf5 22. Qxb4 Rxb4 23. c4 Bb7 24. Rf2 dxc4 25. Rh3 c3 26. Rxc3 Rfxf4 27. Rxf4
Rxf4 28. Bb5 a6 29. Rxc5 axb5 30. Rxb5 Bd5 31. b3 Rxh4 32. a4 Bxb3 33. Rxb3
Rxa4 34. Re3 Kg7 35. Kd2 g5 36. Ke2 Kg6 37. Kf3 Rf4+ 38. Kg3 Kf5 39. Re2 Re4
0-1

[Event "Open International Jeunes de Saint-Lô"]
[Site "?"]
[Date "2013.07.11"]
[Round "6.10"]
[White "Fruchard, Cyrille"]
[Black "Seignat, Florian"]
[Result "1-0"]
[WhiteElo "1958"]
[BlackElo "1740"]
[PlyCount "75"]
[SourceDate "2013.07.07"]

1. d4 d5 2. c4 e6 3. Nc3 Nf6 4. cxd5 exd5 5. Bg5 Be7 6. e3 O-O 7. Nf3 Bf5 8.
Qb3 Be6 9. Qxb7 Nbd7 10. Qb3 c5 11. Qc2 Rb8 12. Be2 Qb6 13. Rb1 h6 14. Bf4 Rb7
15. O-O Nh5 16. dxc5 Bxc5 17. Na4 Qa5 18. Nxc5 Nxc5 19. b4 Qa4 20. Qxc5 Nxf4
21. exf4 Qxa2 22. Qe3 Qa4 23. Nd4 Re8 24. Qb3 Qd7 25. Bd3 Reb8 26. f5 Rxb4 27.
fxe6 fxe6 28. Qxb4 Rxb4 29. Rxb4 e5 30. Rfb1 e4 31. Rb7 Qg4 32. Be2 Qg6 33.
Rxa7 Qf6 34. Rd1 Qb6 35. Ra2 Kh7 36. Rad2 Kg6 37. Nc2 Qb3 38. Ne3 1-0

[Event "Open International Jeunes de Saint-Lô"]
[Site "?"]
[Date "2013.07.11"]
[Round "6.11"]
[White "Mueller, David"]
[Black "Boudry, Marc"]
[Result "1-0"]
[WhiteElo "1932"]
[BlackElo "1620"]
[PlyCount "67"]
[SourceDate "2013.07.07"]

1. e4 e5 2. d4 exd4 3. Nf3 Nc6 4. Nxd4 Bc5 5. Nb3 Bb6 6. Nc3 Nf6 7. a4 a6 8.
Bg5 h6 9. Bh4 d6 10. Bd3 Be6 11. Qd2 O-O 12. O-O Ne5 13. Kh1 Re8 14. f4 Ng6 15.
Bxf6 Qxf6 16. f5 Bxb3 17. fxg6 Qxg6 18. cxb3 Qe6 19. Bc4 Qe5 20. Bxf7+ Kh8 21.
Bxe8 Rxe8 22. Qf4 Qe6 23. Qf7 Qe5 24. Rf5 Qe7 25. Qxe7 Rxe7 26. Raf1 Kh7 27.
Nd5 Rxe4 28. Nxb6 cxb6 29. h3 Re3 30. R1f3 Re2 31. Rd5 Rxb2 32. Rxd6 b5 33.
axb5 axb5 34. Rb6 1-0

[Event "Open International Jeunes de Saint-Lô"]
[Site "?"]
[Date "2013.07.11"]
[Round "6.12"]
[White "Auvray, Honorine"]
[Black "Tessier, Victor"]
[Result "1-0"]
[WhiteElo "1835"]
[BlackElo "1571"]
[PlyCount "55"]
[SourceDate "2013.07.07"]

1. e4 c5 2. Nf3 d6 3. d4 cxd4 4. Nxd4 Nf6 5. Nc3 a6 6. f3 e5 7. Nb3 Be6 8. Be3
b5 9. Qd2 Be7 10. O-O-O Nbd7 11. g4 h6 12. h4 Nb6 13. Qf2 Nfd7 14. Kb1 Nc4 15.
Bc1 Ndb6 16. Nd5 Bxd5 17. exd5 Qd7 18. Bxc4 Nxc4 19. Rhg1 f6 20. Qe2 g5 21. Rh1
Kf7 22. Qe4 Raf8 23. Rde1 Kg7 24. Nd4 Re8 25. Ne6+ Kf7 26. Qf5 Qb7 27. hxg5
hxg5 28. Rh7+ 1-0

[Event "Open International Jeunes de Saint-Lô"]
[Site "?"]
[Date "2013.07.11"]
[Round "6.13"]
[White "Kovarski, Julien"]
[Black "Niepceron, Luc"]
[Result "0-1"]
[WhiteElo "1746"]
[BlackElo "1800"]
[PlyCount "70"]
[SourceDate "2013.07.07"]

1. d4 Nf6 2. c4 g6 3. Nc3 d5 4. cxd5 Nxd5 5. e4 Nxc3 6. bxc3 Bg7 7. Nf3 c5 8.
Bb2 O-O 9. Be2 Qb6 10. Qd2 Rd8 11. O-O Nc6 12. d5 Ne5 13. Nxe5 Bxe5 14. f4 Bg7
15. e5 c4+ 16. Kh1 Qc5 17. Rad1 Be6 18. Bf3 Bxd5 19. Bxd5 e6 20. Qd4 Qxd5 21.
Qxd5 Rxd5 22. Rxd5 exd5 23. Rd1 Rd8 24. Ba3 Bf8 25. Bxf8 Kxf8 26. g4 Ke7 27.
Rd4 Ke6 28. Kg2 Rc8 29. Rd2 Rc6 30. Rb2 d4 31. cxd4 c3 32. Rc2 Kd5 33. Kf3 Kxd4
34. Ke2 Ke4 35. h3 Kxf4 0-1

[Event "Open International Jeunes de Saint-Lô"]
[Site "?"]
[Date "2013.07.11"]
[Round "6.14"]
[White "Girault, Simon"]
[Black "Viel, Simon"]
[Result "1-0"]
[WhiteElo "1782"]
[BlackElo "1596"]
[PlyCount "117"]
[SourceDate "2013.07.07"]

1. e4 c6 2. d4 d5 3. Nc3 dxe4 4. Nxe4 Nd7 5. Qe2 Qc7 6. g3 e6 7. Bf4 Qa5+ 8. c3
Ngf6 9. Bg2 Nxe4 10. Qxe4 Be7 11. Nf3 O-O 12. O-O Nf6 13. Qc2 Nd5 14. Bd2 Qc7
15. Ng5 Nf6 16. Rae1 h6 17. Nf3 b6 18. Ne5 Bb7 19. Bf4 Bd6 20. Qd2 Nd5 21. Bxd5
cxd5 22. f3 Rac8 23. Rf2 Ba6 24. Rg2 Bxe5 25. Rxe5 Qc4 26. Rf2 Qd3 27. Qc1 Qg6
28. g4 b5 29. a3 Rc4 30. h4 Rfc8 31. h5 Qh7 32. Rg2 Rxd4 33. g5 hxg5 34. Rexg5
Rd3 35. Be5 f6 36. Bxf6 Rc7 37. Rxg7+ Rxg7 38. Rxg7+ Qxg7+ 39. Bxg7 Kxg7 40.
Qg5+ Kf8 41. Qf6+ Ke8 42. Qg6+ Ke7 43. Qxd3 Kf6 44. h6 Bc8 45. Qxb5 Kg6 46.
Qe8+ Kxh6 47. Qxc8 Kg5 48. Qxe6 Kf4 49. Qxd5 a6 50. Qe4+ Kg5 51. Kg2 a5 52. Kg3
Kf6 53. Qd5 a4 54. Kf4 Kg6 55. Qe5 Kf7 56. Kf5 Kf8 57. Qc7 Kg8 58. Kg6 Kh8 59.
Qg7# 1-0

[Event "Open International Jeunes de Saint-Lô"]
[Site "?"]
[Date "2013.07.11"]
[Round "5.15"]
[White "Dodart, Guillaume"]
[Black "Bouvet, Florian"]
[Result "1/2-1/2"]
[WhiteElo "1737"]
[BlackElo "1768"]
[PlyCount "90"]
[SourceDate "2013.07.07"]

1. e4 c5 2. Nf3 d6 3. c3 Nf6 4. Be2 Nc6 5. d4 cxd4 6. cxd4 Nxe4 7. d5 Qa5+ 8.
Nc3 Nxc3 9. bxc3 Ne5 10. Nxe5 Qxc3+ 11. Bd2 Qxe5 12. O-O Qxd5 13. Rb1 e5 14.
Bb5+ Bd7 15. Bxd7+ Kxd7 16. Qa4+ Ke6 17. Be3 Be7 18. f4 f6 19. fxe5 Rac8 20.
exd6 Bxd6 21. Qg4+ Kf7 22. Qd7+ Kg6 23. Rxb7 Bxh2+ 24. Kxh2 Qxd7 25. Rxd7 a6
26. a4 Rhe8 27. Bb6 a5 28. Rf2 Re4 29. Ra2 Rcc4 30. Bxa5 Rxa4 31. Rxa4 Rxa4 32.
Bb6 Rg4 33. Bc5 h5 34. Kh3 Kh7 35. Rd5 Kh6 36. Bf8 Kg6 37. Rd7 Kh7 38. Bc5 Kh6
39. Rd4 Rxd4 40. Bxd4 f5 41. Bc3 g5 42. Kg3 h4+ 43. Kh2 Kh5 44. Be5 Kg4 45. Bf6
f4 1/2-1/2

[Event "Open International Jeunes de Saint-Lô"]
[Site "?"]
[Date "2013.07.12"]
[Round "7.1"]
[White "Grigorian, Roudolph"]
[Black "Pigeat, Alexandre"]
[Result "1-0"]
[WhiteElo "2062"]
[BlackElo "1942"]
[PlyCount "67"]
[SourceDate "2013.07.07"]

1. e4 c5 2. Nf3 e6 3. d4 cxd4 4. Nxd4 a6 5. Nc3 Qc7 6. g3 Nf6 7. Bg2 d6 8. O-O
Nbd7 9. Be3 Ne5 10. h3 Be7 11. Kh1 Nc4 12. Bc1 O-O 13. f4 Nd7 14. b3 Na5 15.
Bb2 b5 16. a4 b4 17. Na2 Rb8 18. Qd2 Qb6 19. Nxb4 Bf6 20. Na2 Nc4 21. bxc4 Qxb2
22. Nc6 Rb6 23. Qxd6 Qxc2 24. Nab4 Qb3 25. e5 Bd8 26. a5 Rb7 27. Kh2 Bc7 28.
Qd2 Nc5 29. Rab1 Qxc4 30. Ne7+ Kh8 31. Nxc8 Rxc8 32. Bxb7 Nxb7 33. Rfc1 Qe4 34.
Qg2 1-0

[Event "Open International Jeunes de Saint-Lô"]
[Site "?"]
[Date "2013.07.12"]
[Round "7.2"]
[White "Banzea, Alexandru-Bogdan"]
[Black "Macon, Arthur"]
[Result "0-1"]
[WhiteElo "1856"]
[BlackElo "2140"]
[PlyCount "56"]
[SourceDate "2013.07.07"]

1. e4 e6 2. d4 d5 3. Nd2 Nf6 4. e5 Nfd7 5. Bd3 c5 6. c3 Nc6 7. Ne2 cxd4 8. cxd4
f6 9. exf6 Nxf6 10. Nf3 Bd6 11. Nc3 O-O 12. O-O a6 13. Bg5 Qc7 14. Bh4 Nh5 15.
Rc1 g6 16. Bb1 Qg7 17. Bg3 Nxg3 18. hxg3 g5 19. Re1 Bd7 20. Rc2 Rf7 21. Rce2
Raf8 22. Qd2 Rxf3 23. gxf3 Nxd4 24. Re3 Nxf3+ 25. Rxf3 Rxf3 26. Nxd5 Bc5 27.
Ne3 Bc6 28. Nd1 Rxg3+ 0-1

[Event "Open International Jeunes de Saint-Lô"]
[Site "?"]
[Date "2013.07.12"]
[Round "7.3"]
[White "Monpeurt, Cyrielle"]
[Black "Marimoutou, Loïc"]
[Result "0-1"]
[WhiteElo "2043"]
[BlackElo "1936"]
[PlyCount "60"]
[SourceDate "2013.07.07"]

1. e4 e5 2. Nf3 Nc6 3. Bb5 a6 4. Ba4 Nf6 5. O-O b5 6. Bb3 Bc5 7. c3 d6 8. Re1
O-O 9. h3 h6 10. d4 Bb6 11. Be3 Bb7 12. d5 Ne7 13. Bxb6 cxb6 14. Nbd2 Ng6 15.
a4 bxa4 16. Bxa4 b5 17. Bc2 Nh7 18. Qe2 Nf4 19. Qf1 f5 20. Rad1 Bc8 21. g3 fxe4
22. gxf4 exf3 23. Nxf3 Rxf4 24. Qg2 Qf6 25. Re3 Bd7 26. Nd2 Ng5 27. Rg3 Rf8 28.
Rf1 Bxh3 29. Rxh3 Nxh3+ 30. Qxh3 Qg5+ 0-1

[Event "Open International Jeunes de Saint-Lô"]
[Site "?"]
[Date "2013.07.12"]
[Round "7.4"]
[White "Lenoel, Marine"]
[Black "Glotin, Adrien"]
[Result "1-0"]
[WhiteElo "1951"]
[BlackElo "1571"]
[PlyCount "63"]
[SourceDate "2013.07.07"]

1. e4 e6 2. d4 d5 3. exd5 exd5 4. Bd3 Nc6 5. c3 Bd6 6. Be3 Nge7 7. Qc2 Bg4 8.
Nd2 Qd7 9. Ngf3 O-O-O 10. b4 Rde8 11. Qa4 Bf5 12. Be2 a6 13. Nb3 Be4 14. Nc5
Bxc5 15. dxc5 Nf5 16. O-O f6 17. b5 axb5 18. Bxb5 Qe6 19. Qa8+ Nb8 20. Bxe8
Bxf3 21. c6 Rxe8 22. Qxb7+ Kd8 23. Qxb8+ Ke7 24. Qxc7+ Kf8 25. gxf3 Nh4 26. Qg3
Nf5 27. Qg4 h5 28. Qxh5 Nxe3 29. fxe3 Qxe3+ 30. Kh1 Qxc3 31. Rac1 Qa5 32. c7
1-0

[Event "Open International Jeunes de Saint-Lô"]
[Site "?"]
[Date "2013.07.12"]
[Round "7.5"]
[White "Jourdren, Kévin"]
[Black "Auvray, Honorine"]
[Result "1/2-1/2"]
[WhiteElo "1816"]
[BlackElo "1835"]
[PlyCount "75"]
[SourceDate "2013.07.07"]

1. e4 c5 2. c3 d5 3. exd5 Qxd5 4. d4 Nf6 5. Nf3 Bg4 6. Be2 e6 7. Be3 cxd4 8.
cxd4 Be7 9. Nc3 Qd6 10. O-O Nc6 11. h3 Bh5 12. a3 a5 13. Rc1 O-O 14. Nb5 Qd7
15. Ne5 Nxe5 16. dxe5 Bxe2 17. Qxe2 Nd5 18. Rfd1 Rfc8 19. Qd3 Qd8 20. Nc3 Nxc3
21. Rxc3 Rxc3 22. Qxd8+ Rxd8 23. Rxd8+ Bxd8 24. bxc3 a4 25. Bc5 Bc7 26. f4 f6
27. exf6 gxf6 28. g3 Kf7 29. Kf2 e5 30. f5 Bd8 31. Ke3 Ba5 32. c4 b6 33. Bd6
Bc3 34. Ke4 h5 35. g4 hxg4 36. hxg4 Bd2 37. Bc7 Bc1 38. Bd6 1/2-1/2

[Event "Open International Jeunes de Saint-Lô"]
[Site "?"]
[Date "2013.07.12"]
[Round "7.6"]
[White "Niepceron, Luc"]
[Black "Fruchard, Cyrille"]
[Result "0-1"]
[WhiteElo "1800"]
[BlackElo "1938"]
[PlyCount "106"]
[SourceDate "2013.07.07"]

1. e4 e6 2. d4 d5 3. e5 c5 4. c3 Nc6 5. Nf3 Qb6 6. a3 cxd4 7. cxd4 Nh6 8. b4
Nf5 9. Be3 Bd7 10. Bd3 a6 11. Bxf5 exf5 12. O-O Be6 13. Nc3 Be7 14. Rc1 O-O 15.
Na4 Qa7 16. Nc5 Rfc8 17. Ng5 Bxg5 18. Bxg5 b6 19. Nb3 h6 20. Be3 Ne7 21. Qd3
Bd7 22. Qd2 Bb5 23. Rxc8+ Rxc8 24. Rc1 Qb7 25. Rc3 Rc6 26. Qc2 Ba4 27. Rxc6
Qxc6 28. Qxc6 Nxc6 29. Nd2 Na7 30. Nf3 Nb5 31. Bc1 Bd1 32. Bb2 Bxf3 33. gxf3
Nc7 34. a4 b5 35. a5 Ne6 36. Kg2 g5 37. Bc3 Kg7 38. Kg3 Kg6 39. h4 Kh5 40. hxg5
hxg5 41. Bb2 f4+ 42. Kh3 Nf8 43. Bc3 Ng6 44. Kg2 Nh4+ 45. Kf1 Nxf3 46. Ke2 Kg4
47. Kf1 Nh4 48. Ke2 Kh3 49. Bd2 Kg2 50. Bc1 Nf5 51. Bb2 Nh6 52. Bc3 Ng4 53. Ke1
Nxf2 0-1

[Event "Open International Jeunes de Saint-Lô"]
[Site "?"]
[Date "2013.07.12"]
[Round "7.7"]
[White "Fayad, Erwan"]
[Black "Girault, Simon"]
[Result "0-1"]
[WhiteElo "1938"]
[BlackElo "1782"]
[PlyCount "60"]
[SourceDate "2013.07.07"]

1. e4 c6 2. d4 d5 3. Nc3 dxe4 4. Nxe4 Bf5 5. Ng3 Bg6 6. Nh3 e6 7. Nf4 Bd6 8. h4
Qf6 9. Nxg6 Bxg3 10. fxg3 Qxg6 11. Bf4 Nf6 12. Bd3 Qg4 13. Qd2 Nbd7 14. h5 e5
15. dxe5 Qe6 16. Qe2 Nd5 17. Bc4 N7b6 18. Bb3 O-O-O 19. O-O-O a5 20. a4 Kb8 21.
Kb1 Rhe8 22. Rhe1 h6 23. Be3 Qe7 24. e6 Qxe6 25. Bxb6 Qxe2 26. Rxe2 Nc3+ 27.
bxc3 Rxd1+ 28. Kb2 Rxe2 29. Bxf7 Rxg2 30. Bd4 Rxd4 0-1

[Event "Open International Jeunes de Saint-Lô"]
[Site "?"]
[Date "2013.07.12"]
[Round "7.8"]
[White "Mueller, David"]
[Black "Pigeat, Benoît"]
[Result "1-0"]
[WhiteElo "1932"]
[BlackElo "1766"]
[PlyCount "107"]
[SourceDate "2013.07.07"]

1. e4 e6 2. d4 d5 3. Nc3 Bb4 4. exd5 exd5 5. Bd3 Nf6 6. Bg5 c6 7. a3 Be7 8. h3
Be6 9. Nf3 h6 10. Bf4 Bd6 11. Ne5 Bxe5 12. dxe5 Nh7 13. O-O Qe7 14. Re1 Nd7 15.
Ne2 Nc5 16. Nd4 Nxd3 17. Qxd3 Nf8 18. Bd2 a6 19. f4 g6 20. b4 O-O-O 21. Be3 Bd7
22. Nb3 Ne6 23. Bb6 Rde8 24. Rf1 f5 25. Nc5 Nxc5 26. Bxc5 Qf7 27. Qd4 Be6 28.
Bd6 b6 29. Qxb6 Qb7 30. Qxb7+ Kxb7 31. a4 Ra8 32. Rab1 Bd7 33. Rfc1 Be6 34. b5
axb5 35. axb5 Ra4 36. bxc6+ Kxc6 37. Rb4 Rha8 38. Rcb1 d4 39. Rb6+ Kd5 40. Be7
R8a6 41. R6b5+ Ke4 42. Re1+ Kxf4 43. Kf2 Ra3 44. Rb4 Bd5 45. Rxd4+ Be4 46. Bxa3
Rxa3 47. e6 Ra6 48. e7 Re6 49. Rd7 Ke5 50. Rb1 Bc6 51. Re1+ Be4 52. Ra1 Bc6 53.
Rc7 Kf6 54. Rxc6 1-0

[Event "Open International Jeunes de Saint-Lô"]
[Site "?"]
[Date "2013.07.12"]
[Round "7.9"]
[White "Cogan, Nicolas"]
[Black "Dillenschneider, Ernesto"]
[Result "1-0"]
[WhiteElo "1922"]
[BlackElo "1724"]
[PlyCount "55"]
[SourceDate "2013.07.07"]

1. d4 Nf6 2. c4 c5 3. d5 b5 4. Nd2 Qa5 5. Qc2 bxc4 6. e4 d6 7. Bxc4 Nbd7 8.
Ngf3 Ba6 9. O-O Ng4 10. b3 Nge5 11. Nxe5 Nxe5 12. Bb2 Nxc4 13. Nxc4 Bxc4 14.
bxc4 Rb8 15. Bc3 Qa6 16. Rab1 Rb6 17. Rxb6 axb6 18. Rb1 Kd8 19. Qb2 Kc7 20.
Bxg7 Bxg7 21. Qxg7 Qxa2 22. Ra1 Rg8 23. Qc3 Qe2 24. Ra7+ Kb8 25. Qa1 Rxg2+ 26.
Kxg2 Qxe4+ 27. f3 Qe2+ 28. Kg3 1-0

[Event "Open International Jeunes de Saint-Lô"]
[Site "?"]
[Date "2013.07.12"]
[Round "7.10"]
[White "David, Alexandru-Vasile"]
[Black "Gely, Yann"]
[Result "1-0"]
[WhiteElo "2080"]
[BlackElo "1652"]
[PlyCount "53"]
[SourceDate "2013.07.07"]

1. d4 d5 2. c4 e6 3. Nc3 Nf6 4. cxd5 exd5 5. Bg5 Be7 6. e3 O-O 7. Bd3 h6 8. Bf4
Be6 9. Nf3 Nbd7 10. Qc2 c5 11. h3 Rc8 12. g4 a6 13. Rg1 b5 14. Qd2 b4 15. Na4
c4 16. Bc2 c3 17. Qe2 Qa5 18. b3 Nb6 19. Nxb6 Qxb6 20. g5 Nh5 21. gxh6 g6 22.
Be5 Bd7 23. Nh4 Nf6 24. h7+ Kg7 25. Qh5 Be8 26. Nf5+ Kh8 27. Qh6 1-0

[Event "Open International Jeunes de Saint-Lô"]
[Site "?"]
[Date "2013.07.12"]
[Round "7.11"]
[White "Le Bris, Yann"]
[Black "Travadon, Loïc"]
[Result "1-0"]
[WhiteElo "1910"]
[BlackElo "1642"]
[PlyCount "121"]
[SourceDate "2013.07.07"]

1. e4 c6 2. d4 d5 3. Nc3 dxe4 4. Nxe4 Bf5 5. Ng3 Bg6 6. Nf3 Nd7 7. h4 h6 8. h5
Bh7 9. Bd3 Bxd3 10. Qxd3 Ngf6 11. Bf4 e6 12. O-O Be7 13. Rfe1 O-O 14. Qb3 Qb6
15. Qxb6 Nxb6 16. c3 Rac8 17. Rad1 Rfd8 18. Ne5 Nbd7 19. Nc4 Nd5 20. Bd6 Bxd6
21. Nxd6 Rc7 22. c4 N5f6 23. c5 Ne8 24. Nc4 Ndf6 25. Ne5 Nd7 26. Nc4 Nef6 27.
f4 b5 28. Nd6 Ne8 29. f5 Nf8 30. fxe6 Nxe6 31. Nge4 Re7 32. Nf5 Red7 33. Ned6
Nxd6 34. Nxd6 Re7 35. Nf5 Red7 36. Nd6 Re7 37. Re4 Rdd7 38. Rde1 Kf8 39. Nf5
Re8 40. Rg4 Rd5 41. Rf1 Red8 42. Nd6 Rd7 43. Re4 Kg8 44. Nxf7 Nc7 45. Ne5 Rxd4
46. Rxd4 Rxd4 47. Nxc6 Rc4 48. Ne7+ Kh7 49. c6 Rc5 50. Rf5 Rxf5 51. Nxf5 g6 52.
Nd4 gxh5 53. Kf2 Kg6 54. Kf3 Kf6 55. Ke4 Ke7 56. Ke5 a5 57. Nf5+ Kd8 58. Ng7
Na6 59. Kd6 Nb4 60. c7+ Kc8 61. Nf5 1-0

[Event "Open International Jeunes de Saint-Lô"]
[Site "?"]
[Date "2013.07.12"]
[Round "7.12"]
[White "Nolot, Clémentine"]
[Black "Flotte, Antoine"]
[Result "0-1"]
[WhiteElo "1853"]
[BlackElo "1626"]
[PlyCount "66"]
[SourceDate "2013.07.07"]

1. d4 d5 2. Nf3 Nf6 3. Bf4 e6 4. e3 c5 5. c3 c4 6. Nbd2 Bd7 7. Ne5 Nc6 8. Ndf3
Ne4 9. Qc2 f6 10. Nxc4 g5 11. Bg3 Nxg3 12. hxg3 dxc4 13. Rxh7 Rxh7 14. Qxh7 Qe7
15. Qg6+ Qf7 16. Qxf7+ Kxf7 17. Bxc4 Na5 18. Bd3 Bd6 19. O-O-O Rh8 20. c4 b6
21. Kc2 Bc6 22. e4 Bb7 23. a3 Rc8 24. Kc3 Nxc4 25. Kb3 b5 26. Rh1 g4 27. Nh4
Nd2+ 28. Ka2 Bxe4 29. Bxb5 Bd5+ 30. Ka1 Nb3+ 31. Kb1 Nxd4 32. Ba4 Rc4 33. Bd1
Be4+ 0-1

[Event "Open International Jeunes de Saint-Lô"]
[Site "?"]
[Date "2013.07.13"]
[Round "7.14"]
[White "Chauvet, Etienne"]
[Black "Pichon, Julien"]
[Result "1/2-1/2"]
[WhiteElo "1620"]
[BlackElo "1775"]
[PlyCount "67"]
[SourceDate "2013.07.07"]

1. e4 c5 2. Nc3 Nc6 3. g3 g6 4. Bg2 Bg7 5. Nge2 Rb8 6. O-O b5 7. Qe1 d6 8. d3
b4 9. Nd1 e6 10. Be3 Nd4 11. Qd2 Ne7 12. c3 Nxe2+ 13. Qxe2 Ba6 14. Qd2 O-O 15.
f4 f5 16. Re1 bxc3 17. bxc3 Qa5 18. Rc1 Rfe8 19. h3 Nc8 20. Kh2 Nb6 21. Kg1 Qa3
22. Rc2 Bb5 23. Kh2 Ba4 24. Qc1 Qxc1 25. Rxc1 Bc6 26. Nb2 Na4 27. Nxa4 Bxa4 28.
Re2 Rb6 29. e5 Bc6 30. exd6 Bxg2 31. Kxg2 Rxd6 32. Bxc5 Rxd3 33. Bxa7 Bxc3 34.
Rcc2 1/2-1/2

[Event "Open International Jeunes de Saint-Lô"]
[Site "?"]
[Date "2013.07.12"]
[Round "7.15"]
[White "Hamidi, Navid"]
[Black "Aghamir Alrobiai, Nizar"]
[Result "0-1"]
[WhiteElo "1595"]
[BlackElo "1773"]
[PlyCount "68"]
[SourceDate "2013.07.07"]

1. e4 e6 2. Nf3 c5 3. d4 cxd4 4. Nxd4 Nc6 5. Nc3 Qc7 6. Be3 a6 7. Be2 Nf6 8.
Qd2 b5 9. f3 Be7 10. g4 Bb7 11. O-O-O d6 12. g5 Nd7 13. f4 Nxd4 14. Qxd4 e5 15.
Qd3 Nc5 16. Bxc5 dxc5 17. Nd5 Bxd5 18. Qxd5 Rd8 19. Qxe5 Qxe5 20. Rxd8+ Kxd8
21. fxe5 Bxg5+ 22. Kb1 Ke7 23. Rf1 Rd8 24. h3 Rd4 25. Bf3 g6 26. c3 Rd2 27. Bg4
Rd8 28. Be2 h5 29. a4 c4 30. axb5 axb5 31. b3 Rd2 32. Rf2 cxb3 33. Rg2 Bf4 34.
Bf1 Rd1+ 0-1

[Event "Open International Jeunes de Saint-Lô"]
[Site "?"]
[Date "2013.07.13"]
[Round "8.1"]
[White "Macon, Arthur"]
[Black "Grigorian, Roudolph"]
[Result "1-0"]
[WhiteElo "2140"]
[BlackElo "2062"]
[PlyCount "103"]
[SourceDate "2013.07.07"]

1. Nf3 d6 2. d4 g6 3. g3 Bg7 4. Bg2 Nc6 5. O-O e5 6. dxe5 dxe5 7. Qxd8+ Nxd8 8.
Nc3 h6 9. e4 Ne6 10. b3 Ne7 11. Ba3 Nc6 12. Nd5 Bd7 13. Rad1 O-O-O 14. Rd2 Ned4
15. Nxd4 Nxd4 16. Be7 Rde8 17. Bf6 Bxf6 18. Nxf6 Rd8 19. c3 Ne6 20. Rfd1 Bc6
21. Ng4 Rxd2 22. Rxd2 Ng5 23. Nxe5 Re8 24. Nxc6 bxc6 25. e5 c5 26. f4 Ne6 27.
Bh3 Kb7 28. Rd7 Nd8 29. Bg2+ Kb6 30. Bd5 Rf8 31. Kf2 a5 32. Ke3 c6 33. Bc4 a4
34. bxa4 h5 35. h3 Ka5 36. g4 hxg4 37. hxg4 Kb6 38. f5 gxf5 39. gxf5 Rh8 40.
Bxf7 Rh3+ 41. Kd2 Rh2+ 42. Ke1 Rh1+ 43. Kf2 Nb7 44. e6 Rh2+ 45. Kg3 Re2 46. e7
Nd6 47. Rxd6 Rxe7 48. Be6 Rg7+ 49. Kf4 Ka5 50. f6 Rg1 51. f7 Kxa4 52. Bg4 1-0

[Event "Open International Jeunes de Saint-Lô"]
[Site "?"]
[Date "2013.07.13"]
[Round "8.2"]
[White "Pigeat, Alexandre"]
[Black "Lenoel, Marine"]
[Result "1-0"]
[WhiteElo "1942"]
[BlackElo "1951"]
[PlyCount "115"]
[SourceDate "2013.07.07"]

1. e4 e5 2. Nf3 Nc6 3. Bb5 Bc5 4. c3 d6 5. h3 Bd7 6. O-O Nge7 7. d4 exd4 8.
cxd4 Bb6 9. Nc3 O-O 10. Re1 Ng6 11. Nd5 Nce7 12. Nxb6 axb6 13. Bd3 d5 14. e5 c5
15. Bg5 Qc8 16. b3 Be6 17. Qd2 Qd7 18. h4 h5 19. Bxe7 Nxe7 20. Qg5 Bg4 21. e6
Bxe6 22. Ne5 Qe8 23. Qxh5 f5 24. Qxe8 Raxe8 25. Bb5 Rd8 26. Nd3 Kf7 27. dxc5
bxc5 28. Nxc5 Bc8 29. Rac1 b6 30. Nd3 Rd6 31. Nf4 Bd7 32. Rc7 Rd8 33. a4 g6 34.
Nd3 Kf6 35. Rxe7 Kxe7 36. Ne5 Re6 37. f4 Kd6 38. Rxd7+ Rxd7 39. Nxd7 Re4 40. g3
Re3 41. Kf2 Rxb3 42. Ne5 Rb2+ 43. Ke3 Rb3+ 44. Bd3 Ra3 45. Nxg6 Ke6 46. Ne5
Rxa4 47. Nc6 Kf6 48. Nd4 Kg6 49. Nxf5 Kh5 50. Kf3 Ra3 51. g4+ Kg6 52. Ke3 Kf7
53. h5 b5 54. Nd6+ Kg7 55. Nxb5 Ra1 56. Nc3 Rg1 57. g5 Rg3+ 58. Kd4 1-0

[Event "Open International Jeunes de Saint-Lô"]
[Site "?"]
[Date "2013.07.13"]
[Round "8.3"]
[White "Marimoutou, Loïc"]
[Black "Mueller, David"]
[Result "1/2-1/2"]
[WhiteElo "1936"]
[BlackElo "1932"]
[PlyCount "53"]
[SourceDate "2013.07.07"]

1. e4 e5 2. Nf3 Nf6 3. Nxe5 d6 4. Nf3 Nxe4 5. Nc3 Nxc3 6. dxc3 Be7 7. Be3 O-O
8. Qd2 Qe8 9. Be2 Nc6 10. O-O Be6 11. Nd4 Nxd4 12. cxd4 c6 13. Bd3 Qd7 14. Rad1
d5 15. Bf4 Rfe8 16. Rfe1 Bd6 17. Bxd6 Qxd6 18. Re3 Bd7 19. Rde1 g6 20. c3 Rxe3
21. Rxe3 Re8 22. Qe2 Rxe3 23. Qxe3 Qe6 24. Qxe6 Bxe6 25. Kf1 Kg7 26. Ke2 Kf6
27. Ke3 1/2-1/2

[Event "Open International Jeunes de Saint-Lô"]
[Site "?"]
[Date "2013.07.13"]
[Round "8.4"]
[White "Fruchard, Cyrille"]
[Black "Jourdren, Kévin"]
[Result "1-0"]
[WhiteElo "1958"]
[BlackElo "1816"]
[PlyCount "93"]
[SourceDate "2013.07.07"]

1. d4 e6 2. c4 Nf6 3. Nc3 d5 4. cxd5 exd5 5. Bg5 c6 6. Qc2 Be7 7. e3 O-O 8. Bd3
h6 9. Bh4 Re8 10. Nf3 Nbd7 11. O-O Ne4 12. Bxe7 Qxe7 13. Nd2 f5 14. Rae1 Ndf6
15. f3 Nxd2 16. Qxd2 Qb4 17. a3 Qb6 18. Na4 Qc7 19. Qc2 f4 20. e4 dxe4 21. fxe4
Ng4 22. e5 Ne3 23. Rxe3 fxe3 24. Bg6 Be6 25. Bxe8 Rxe8 26. Qe4 e2 27. Qxe2 b5
28. Nc5 Bc4 29. Qh5 Qd8 30. Rf4 Rf8 31. Rxf8+ Qxf8 32. Qf3 Qd8 33. Qe3 Qf8 34.
Qf2 Qe7 35. Qf4 g5 36. Qf5 Qf7 37. Qxf7+ Kxf7 38. Kf2 a5 39. Nb7 a4 40. Nd6+
Ke6 41. Nxc4 bxc4 42. Ke2 c5 43. dxc5 Kxe5 44. Ke3 Kd5 45. c6 Kxc6 46. Kd4 Kb5
47. Kd5 1-0

[Event "Open International Jeunes de Saint-Lô"]
[Site "?"]
[Date "2013.07.13"]
[Round "8.5"]
[White "Girault, Simon"]
[Black "Cogan, Nicolas"]
[Result "0-1"]
[WhiteElo "1782"]
[BlackElo "1922"]
[PlyCount "60"]
[SourceDate "2013.07.07"]

1. e4 c5 2. Nc3 g6 3. g3 Bg7 4. Bg2 d6 5. d3 Nf6 6. h3 Nc6 7. Be3 O-O 8. Qd2
Rb8 9. Nge2 b5 10. a3 a5 11. O-O b4 12. axb4 axb4 13. Nd1 Bd7 14. Bh6 Ra8 15.
Rxa8 Qxa8 16. Bxg7 Kxg7 17. b3 Qa2 18. f4 Rc8 19. Ne3 Nd4 20. f5 Nxb3 21. Qd1
Nd4 22. fxg6 hxg6 23. Nxd4 cxd4 24. Nc4 Be6 25. Nb6 Rxc2 26. Qf3 b3 27. Nd5
Bxd5 28. exd5 b2 29. g4 b1=Q 30. g5 Rxg2+ 0-1